Szczegóły MARC21

Kierunek Bałtyk : opowieść fotografa i podróżnika o wędrówkach po dzikich plażach i połowach o świcie /

003 -Nazwa inst., której nr kontr. jest w polu 001 [,]
    • @
    • Nazwa instytucji, której n kontrolny jest w polu 001
    • NUKAT
005 -DATA I CZAS OSTATNIEJ MODYFIKACJI [,]
    • @
    • pole kontrolne
    • 20251003120343.0
020 -Międzynarod. znormalizowany nr książki - ISBN [ , ]
    • a
    • Numer ISBN
    • 9788383175126 Find
    • q
    • Dopowiedzenie
    • (oprawa miękka) :
    • c
    • Terms of availability
    • zł 69,99
040 -Instytucja sporządzająca opis [ , ]
    • a
    • Instytucja, która sporządziła opis (NP)
    • MBPWR
    • c
    • Instytucja, która sporządziła rekord (NP)
    • MBPWR
    • d
    • Instytucja, która zmodyfikowała rekord (P)
    • MBPWR
    • d
    • Instytucja, która zmodyfikowała rekord (P)
    • WA N
    • d
    • Instytucja, która zmodyfikowała rekord (P)
    • Ł M
    • d
    • Instytucja, która zmodyfikowała rekord (P)
    • KR U
    • d
    • Instytucja, która zmodyfikowała rekord (P)
    • WA U
    • d
    • Instytucja, która zmodyfikowała rekord (P)
    • WA M
942 -Rodzaj dokumentu [ , ]
    • c
    • Rodzaj dokumentu
    • Książka
100 -Hasło główne - nazwa osobowa [1, ]
    • a
    • Nazwa osobowa (NP)
    • Gospodarek, Mikołaj
    • d
    • Daty biograficzne (NP)
    • (1987- ).
    • e
    • Rodzaj współpracy
    • Autor
    • e
    • Rodzaj współpracy
    • Fotografie
    • 9
    • KHW
    • 732255
245 -Strefa tytułu i oznaczenia odpowiedzialności [1,0]
    • a
    • Tytuł
    • Kierunek Bałtyk : Find
    • b
    • Ciąg dalszy tytułu (NP)
    • opowieść fotografa i podróżnika o wędrówkach po dzikich plażach i połowach o świcie / Find
    • c
    • Pozostałe elementy strefy tytułu i oznaczenia odpowiedzialności (NP)
    • [autor:] Mikołaj Gospodarek ; [zdjęcia: Mikołaj Gospodarek, Janusz Wojcieszak].
246 -Wariant tytułu [3,0]
    • a
    • Tytuł (NP)
    • Opowieść fotografa i podróżnika o wędrówkach po dzikich plażach i połowach o świcie
260 -Strefa adresu wydawniczego [ , ]
    • a
    • Miejsce wydania (P)
    • Bielsko-Biała :
    • b
    • Nazwa wydawcy (P)
    • Pascal,
    • c
    • Data wydania (P)
    • 2025.
300 -Strefa opisu fizycznego [ , ]
    • a
    • Określenie formy książki i/lub objętość (NP)
    • 285, [3] strony :
    • b
    • Oznaczenie ilustracji (NP)
    • fotografie ;
    • c
    • Format (NP)
    • 21 cm.
336 -Typ zawartości [ , ]
    • a
    • Termin opisujący typ zawartości
    • Tekst
    • b
    • Kod określający zawartość
    • txt
    • 2
    • Źródło (terminu i kodu)
    • rdacontent
336 -Typ zawartości [ , ]
    • a
    • Termin opisujący typ zawartości
    • Obraz
    • b
    • Kod określający zawartość
    • sti
    • 2
    • Źródło (terminu i kodu)
    • rdacontent
337 -Typ mediów [ , ]
    • a
    • Tryb odtwarzania
    • Bez urządzenia pośredniczącego
    • b
    • Kod typu mediów
    • n
    • 2
    • Źródło (terminu i kodu)
    • rdamedia
338 -Typ/rodzaj nośnika [ , ]
    • a
    • Hasło opisujące typ nośnika
    • Wolumin
    • b
    • Kod typu nośnika
    • nc
    • 2
    • Źródło (terminu i kodu)
    • rdacarrier
380 -Deskryptor - Forma dzieła (P) [ , ]
    • a
    • forma dzieła (NP)
    • Książki
380 -Deskryptor - Forma dzieła (P) [ , ]
    • a
    • forma dzieła (NP)
    • Literatura faktu, eseje, publicystyka
386 -Deskryptor - przynależność kulturowa (P) [ , ]
    • m
    • Wyrażenie wprowadzające (NP)
    • Przynależność kulturowa
    • a
    • Przynależność kulturowa (NP)
    • Literatura polska
388 -Deskryptor - czas powstania dzieła (P) [1, ]
    • a
    • Czas powstania dzieła (NP)
    • 2001-
490 -Strefa serii i książki wielotomowej - forma nie do wyszukiwania [1, ]
    • a
    • Tytuł (P)
    • Polska subiektywna / Mikołaj Gospodarek Find
500 -Uwaga ogólna [ , ]
    • a
    • Uwaga ogólna (NP)
    • Na stronie tytułowej i okładce: Przyroda, wydmy, klify, foki, bursztyny. Atrakcje, latarnie, muzea, porty, mola. Region, osady rybackie, nadmorskie kurorty.
504 -Uwaga dot. bibliogr. załącznikowej [ , ]
    • a
    • Uwaga dot. bibliografii załącznikowej
    • Bibliografia na stronie 285. Indeks.
600 -Hasło przedmiotowe w formie nazwy osobowej [1,7]
    • a
    • Nazwa osobowa
    • Gospodarek, Mikołaj
    • d
    • Daty związane z nazwą
    • (1987- )
    • 2
    • Źródło terminu
    • DBN
    • 9
    • KHW
    • 732306
648 -Hasło przedmiotowe - chronologia [ ,7]
    • a
    • Deskryptor chronologiczny
    • 2001-
    • 2
    • Źródło terminu
    • DBN
    • 9
    • KHW
    • 721449
650 -Hasło przedmiotowe [ ,7]
    • a
    • Hasło przedmiotowe
    • Atrakcje turystyczne
    • 2
    • Źródło terminu
    • DBN
    • 9
    • KHW
    • 732310
650 -Hasło przedmiotowe [ ,7]
    • a
    • Hasło przedmiotowe
    • Regionalizm
    • 2
    • Źródło terminu
    • DBN
    • 9
    • KHW
    • 723011
650 -Hasło przedmiotowe [ ,7]
    • a
    • Hasło przedmiotowe
    • Społeczności lokalne
    • 2
    • Źródło terminu
    • DBN
    • 9
    • KHW
    • 721821
650 -Hasło przedmiotowe [ ,7]
    • a
    • Hasło przedmiotowe
    • Wybrzeża
    • 2
    • Źródło terminu
    • DBN
    • 9
    • KHW
    • 732298
651 -Hasło przedmiotowe w formie nazwy geograficznej [ ,7]
    • a
    • Nazwa geograficzna
    • Polska
    • 2
    • Źródło terminu
    • DBN
    • 9
    • KHW
    • 721438
651 -Hasło przedmiotowe w formie nazwy geograficznej [ ,7]
    • a
    • Nazwa geograficzna
    • Bałtyk (wybrzeże)
    • 2
    • Źródło terminu
    • DBN
    • 9
    • KHW
    • 732303
655 -Hasło w funkcji tematu formalnego [ ,7]
    • a
    • Hasło
    • Pamiętniki i wspomnienia
    • 2
    • Źródło terminu
    • DBN
    • 9
    • KHW
    • 723322
655 -Hasło w funkcji tematu formalnego [ ,7]
    • a
    • Hasło
    • Publikacja bogato ilustrowana
    • 2
    • Źródło terminu
    • DBN
    • 9
    • KHW
    • 721766
658 -Ujęcie treści [ , ]
    • a
    • dziedzina nauki i sztuki/ sfera aktywności życiowej
    • Etnologia i antropologia kulturowa
658 -Ujęcie treści [ , ]
    • a
    • dziedzina nauki i sztuki/ sfera aktywności życiowej
    • Historia
700 -Hasło dodatkowe - nazwa osobowa [1, ]
    • a
    • Nazwa osobowa (NP)
    • Wojcieszak, Janusz Find
    • d
    • Daty biograficzne (NP)
    • (1950- ).
    • e
    • Określenie rodzaju współpracy
    • Fotografie
    • 9
    • KHW
    • 732253
710 -Hasło dodatkowe - nazwa ciała zbiorowego [2, ]
    • a
    • Nazwa ciała zbiorowego lub nazwa geograficzna jako pierwszy element (NP)
    • Wydawnictwo Pascal.
    • e
    • Rodzaj współpracy
    • Wydawca
    • 4
    • Kod relacji
    • pbl
    • 9
    • KHW
    • 78282
800 -Hasło dodatkowe opisu książki wielotomowej - nazwa osobowa [1, ]
    • a
    • Nazwa osobowa (NP)
    • Gospodarek, Mikołaj
    • d
    • Daty biograficzne (NP)
    • (1987- ).
    • t
    • Tytuł ujednolicony/tytuł (NP)
    • Polska subiektywna
    • l
    • Język tekstu (NP)
    • (pol.)
    • 9
    • KHW
    • 732269
920 -ISBN [ , ]
    • a
    • ISBN
    • 978-83-8317-512-6 (oprawa miękka) : zł 69,99 Find
Data inwentaryzacji Lokalizacja Status udost. Numer inwentarzowy
2025-10-29BG1Z.127187